banner-ar

GREEK GOLD: JEWELRY FROM THE AGE OF ALEXANDER / (Record no. 19575)

MARC details
000 -الفاتح
حقل البيانات ثابتة الطول 00498nam a2200181Ia 4500
008 - عناصر البيانات ثابتة الطول - معلومات عامة
حقل البيانات ثابتة الطول 140319s9999 xx 000 0 eng d
040 ## - مصدر الفهرسة
وكالة الفهرسة الأصلية GCL /
وكالة النسخ GCL
082 04 - رقم تصنيف ديوى العشرى
رقم التصنيف 739.27
رقم المادة H G
100 1# - المدخل الرئيسى - إسم شخصى
الإسم الشخصى HOFFMANN, HERBERT
245 10 - بيان العنوان
العنوان GREEK GOLD: JEWELRY FROM THE AGE OF ALEXANDER /
بيان المسئوليه,etc HOFFMANN, HERBERT
700 1# - المدخل الاضافى - اسم شخصى
الإسم الشخصى DAVIDSON, PATICIA F
260 ## - PUBLICATION, DISTRIBUTION, ETC. (IMPRINT)
تاريخ النشر أو التوزيع 1966
300 ## - الوصف المادى
التعداد 311 P
650 04 - المدخل الاضافى بالموضوع-مصطلح موضوعى
مصطلح موضوعي GOLD
650 04 - المدخل الاضافى بالموضوع-مصطلح موضوعى
مصطلح موضوعي ALEXANDER 1, 1801 - 1825
942 ## - عناصر المدخل الإضافي( كوها)
مصدر التصنيف او مخطط الترفيف Dewey Decimal Classification
Koha [default] item type كتاب
260 ## - PUBLICATION, DISTRIBUTION, ETC. (IMPRINT)
-- [S.N] :
-- MUSEUM OF FINE ARTS ،
Holdings
حالة التراجع حالة الفقد حالة تلف ليس للاعارة المكان المؤقت الموقع الحالى تاريخ الاكتساب اجمالي اﻻعارات رقم الطلب الباركود تاريخ اخر مشاهدة تاريخ تفعيل السعر نوع وعاء كوها
        مكتبة القاهرة الكبرى مكتبة القاهرة الكبرى 03/26/2014   739.27\H G 37250 03/26/2014 03/26/2014 كتاب

Powered By

EGPV